Tratado de los órdenes arquitectónicos / (Record no. 85289)

MARC details
000 -LEADER
campo de control de longitud fija 00782nam a2200253 4500
001 - NÚMERO DE CONTROL
campo de control 85289
003 - IDENTIFICADOR DE NÚMERO DE CONTROL
campo de control ES-MaACL
005 - FECHA Y HORA DE LA ÚLTIMA TRANSACCIÓN
campo de control 20230906175221.0
007 - CAMPO FIJO DE DESCRIPCIÓN FÍSICA--INFORMACIÓN GENERAL
campo de control de longitud fija t|
008 - DATOS DE LONGITUD FIJA--INFORMACIÓN GENERAL
campo de control de longitud fija 041126s1972 sp af |||| | spa d
080 ## - NÚMERO DE LA CLASIFICACIÓN DECIMAL UNIVERSAL
Número de la Clasificación Decimal Universal 729.321
100 1# - ENTRADA PRINCIPAL--NOMBRE DE PERSONA
Nombre de persona Jové, Àngel.
9 (RLIN) 67047
245 10 - MENCIÓN DEL TÍTULO
Título Tratado de los órdenes arquitectónicos /
Mención de responsabilidad, etc. Ángel Jové.
260 ## - PUBLICACIÓN, DISTRIBUCIÓN, ETC.
Lugar de publicación, distribución, etc. [Barcelona] :
Nombre del editor, distribuidor, etc. Tusquets,
Fecha de publicación, distribución, etc. [1972]
300 ## - DESCRIPCIÓN FÍSICA
Extensión 40 p., 8 lám. :
Otras características físicas il., grab. ;
Dimensiones 18 cm.
490 1# - MENCIÓN DE SERIE
Mención de serie Cuadernos ínfimos ;
Designación de volumen o secuencia 32
490 1# - MENCIÓN DE SERIE
Mención de serie Arquitectura y diseño
650 #4 - PUNTO DE ACCESO ADICIONAL DE MATERIA--TÉRMINO DE MATERIA
Término de materia o nombre geográfico como elemento de entrada Arquitectura-
Subdivisión general Composición.
9 (RLIN) 143356
650 #4 - PUNTO DE ACCESO ADICIONAL DE MATERIA--TÉRMINO DE MATERIA
Término de materia o nombre geográfico como elemento de entrada Órdenes arquitectónicos.
9 (RLIN) 147216
830 0# - PUNTO DE ACCESO ADICIONAL DE SERIE-TÍTULO UNIFORME
Título uniforme Cuadernos ínfimos ;
Designación de volumen o secuencia 32
9 (RLIN) 180855
830 0# - PUNTO DE ACCESO ADICIONAL DE SERIE-TÍTULO UNIFORME
Título uniforme Arquitectura y diseño
9 (RLIN) 231707
852 ## - LOCALIZACIÓN
Ubicación ES-MaACL
Número de control de estantería 2102-F-3
Holdings
Estatus retirado Estado de pérdida Estado de daño No para préstamo Colección Biblioteca de origen Biblioteca actual Ubicación en estantería Fecha de adquisición Fuente de adquisición Total de préstamos Signatura topográfica completa Código de barras Visto por última vez Precio de reemplazo Tipo de ítem Koha
        Colección de folletos Biblioteca del Ateneo de Madrid Biblioteca del Ateneo de Madrid Depósito folletos 17/01/2008     2102-F-3 1089128 23/02/2023 23/02/2023 Folleto